[Event "Ostersund Storsjodraget op"]
[Site "Ostersund"]
[Date "2024.06.16"]
[Round "7"]
[White "Johansson, Anders"]
[Black "Blomkvist, Kenneth"]
[Result "0-1"]
[WhiteElo "2042"]
[BlackElo "1694"]
[PlyCount "82"]
[EventDate "2024.06.14"]
[EventType "swiss"]
[EventRounds "7"]
[EventCountry "SWE"]
[SourceTitle "CBM 220 Extra"]
[Source "ChessBase"]
[SourceDate "2024.07.31"]
[SourceVersion "1"]
[SourceVersionDate "2024.07.31"]
[SourceQuality "1"]

1. e4 c5 2. Nf3 d6 3. Bc4 Nc6 4. 0-0 Nf6 5. Ng5 e6 6. d3 d5 7. exd5 exd5 8. Bb5 Qc7 9. Qe2+ Be7 10. Nf3 a6 11. Bxc6+ Qxc6 12. Bg5 h6 13. Bxf6 Qxf6 14. c3 0-0 15. d4 Bg4 16. a4 Rfe8 17. Nbd2 cxd4 18. Qe5 dxc3 19. bxc3 Qc6 20. Qd4 Bxf3 21. Nxf3 Bf6 22. Qf4 Re4 23. Qd2 Bxc3 24. Nd4 Rxd4 25. Qe3 Bxa1 26. Rxa1 Re4 27. Qc1 Qxc1+ 28. Rxc1 Rc4 29. Rd1 Rac8 30. g3 Rc1 31. Rf1 Rxf1+ 32. Kxf1 Re8 33. Kg2 d4 34. h4 d3 35. g4 d2 36. Kg3 d1Q 37. a5 Re4 38. f3 Qe1+ 39. Kg2 Re2+ 40. Kh3 Qg1 41. g5 Rh2# 0-1

[Event "Ostersund Storsjodraget op"]
[Site "Ostersund"]
[Date "2024.06.14"]
[Round "3"]
[White "Blomkvist, Kenneth"]
[Black "Ekberg, Axel"]
[Result "1-0"]
[WhiteElo "1694"]
[BlackElo "1707"]
[PlyCount "53"]
[EventDate "2024.06.14"]
[EventType "swiss"]
[EventRounds "7"]
[EventCountry "SWE"]
[SourceTitle "CBM 220 Extra"]
[Source "ChessBase"]
[SourceDate "2024.07.31"]
[SourceVersion "1"]
[SourceVersionDate "2024.07.31"]
[SourceQuality "1"]

1. e4 e5 2. Nf3 Nc6 3. d4 exd4 4. Nxd4 Bc5 5. Nb3 Be7 6. Qe2 d6 7. Nc3 Nf6 8. Bf4 Bg4 9. f3 Be6 10. 0-0-0 a6 11. g4 Nd7 12. Kb1 b5 13. Nd5 Bg5 14. Bxg5 Qxg5 15. Nxc7+ Ke7 16. Nxa8 Rxa8 17. Qd2 Qe5 18. Bg2 g5 19. h4 h6 20. Nd4 Rc8 21. Nxe6 Kxe6 22. hxg5 hxg5 23. Rh6+ f6 24. Qd5+ Ke7 25. Rh7+ Ke8 26. Qf7+ Kd8 27. Qxd7# 1-0